[Event "Women's World Rapid Championship 2012"]
[Site "Batumi GEO"]
[Date "2012.06.02"]
[Round "8.17"]
[White "Lomineishvili,M"]
[Black "Zhu Chen"]
[Result "0-1"]
[WhiteElo "2366"]
[BlackElo "2491"]

1.d4 Nf6 2.Bg5 Ne4 3.Bf4 c5 4.f3 Nf6 5.dxc5 Qa5+ 6.Nc3 Qxc5 7.e4 d6 8.Qd2 Be6
9.Bb5+ Nbd7 10.Be3 Qb4 11.O-O-O a6 12.Ba4 b5 13.Bb3 Bxb3 14.cxb3 g6 15.Nge2 Bg7
16.Nd4 Qa5 17.Kb1 Qc7 18.h4 h5 19.Bg5 Qb7 20.Qe3 O-O 21.g4 Rfe8 22.gxh5 Nxh5
23.Rhg1 e6 24.Bh6 Bf6 25.f4 Kh7 26.Bg5 Bg7 27.Nf3 b4 28.Na4 d5 29.e5 Rac8
30.Nd4 Bf8 31.Ne2 Nc5 32.Ng3 Nxg3 33.Rxg3 Nxa4 34.bxa4 Qc6 35.Qe2 Qc4 36.Rgd3 Rc7
37.h5 Rec8 38.hxg6+ fxg6 39.Rh3+ Kg8 40.Qxc4 Rxc4 41.Rdh1 Bg7 42.Bf6 Bxf6
43.exf6 Kf7 44.Rh7+ Kxf6 45.Re1 Rxf4 46.Ra7 Rc6 47.a5 d4 48.Rb7 d3 49.Rb6 Rxb6
50.axb6 Rf5 51.Rd1 Rb5 52.Rxd3 Rxb6 53.Kc2 g5 54.Kd2 Kf5 55.Ke3 Rb5 56.Rd8 Re5+
57.Kf2 Rd5 58.Ra8 a5 59.Ke3 Re5+ 60.Kd4 Rb5 61.a4 bxa3 62.bxa3 g4 63.Kc4 Rd5
64.a4 g3 65.Rf8+ Kg4 66.Rf6 g2  0-1

[Event "Women's World Rapid Championship 2012"]
[Site "Batumi GEO"]
[Date "2012.06.02"]
[Round "9.11"]
[White "Zhu Chen"]
[Black "Arakhamia-Grant,K"]
[Result "1-0"]
[WhiteElo "2491"]
[BlackElo "2426"]

1.d4 Nf6 2.c4 c5 3.d5 e5 4.Nc3 d6 5.e4 Nbd7 6.g3 g6 7.Bg2 Bg7 8.Nge2 O-O
9.O-O Ne8 10.Be3 f5 11.exf5 gxf5 12.Qd2 a6 13.Bh6 Qf6 14.Bxg7 Qxg7 15.f4 e4
16.Nd1 b5 17.Ne3 Nb6 18.b3 Nf6 19.Rac1 Bd7 20.b4 Nxc4 21.Nxc4 bxc4 22.bxc5 dxc5
23.Nc3 Ne8 24.Rfd1 Nd6 25.Qe3 Rfc8 26.Bf1 Rab8 27.Rd2 Rb4 28.Kh1 Kh8 29.Nd1 Bb5
30.Nc3 Be8 31.Be2 h5 32.h4 Kh7 33.Nd1 Nb5 34.Bxc4 Nd4 35.Bxa6 Ra8 36.Be2 Qe7
37.Qc3 Ra5 38.Ne3 Rba4 39.Nc4 Rxa2 40.Nxa5 Nxe2 41.Rxa2 Nxc3 42.Rxc3 Bb5
43.Nc4 Bxc4 44.Rxc4 Qb7 45.Rac2 Qxd5 46.Rxc5 Qd1+ 47.Kh2 e3 48.Rc7+ Kg8 49.Ra2 Qd5
50.Rb2 Qd8 51.Rcb7 e2 52.Rxe2 Qc8 53.Reb2 Qc3 54.Ra2 Qc8 55.Rba7 Qc4 56.Rd2 Qc8
57.Re7 Kf8 58.Rh7 Kg8 59.Rxh5 Kg7 60.Rg5+ Kf6 61.h5 Qc3 62.Ra2 Qc4 63.Rg2 Qc5
64.g4 Qe3 65.Rxf5+ Kg7 66.g5 Qf3 67.h6+ Kh7 68.g6+  1-0

[Event "Women's World Rapid Championship 2012"]
[Site "Batumi GEO"]
[Date "2012.06.03"]
[Round "11.9"]
[White "Zhu Chen"]
[Black "Ushenina,A"]
[Result "1-0"]
[WhiteElo "2491"]
[BlackElo "2454"]

1.d4 d5 2.c4 c6 3.Nf3 dxc4 4.e3 Be6 5.Nc3 Nf6 6.Ng5 Bg4 7.f3 Bh5 8.Bxc4 e6
9.O-O Nbd7 10.e4 h6 11.Nh3 e5 12.Be3 Qc7 13.d5 Bc5 14.Bxc5 Nxc5 15.Nf2 O-O
16.b4 Ncd7 17.d6 Qb8 18.Qd2 Rd8 19.g4 Nb6 20.Bb3 Rxd6 21.Qe3 Bg6 22.g5 hxg5
23.Qxg5 Nfd7 24.Rad1 Qc7 25.Ng4 Re8 26.Rxd6 Qxd6 27.Rd1 Qxb4 28.Qxg6 Qxb3
29.Nh6+ Kf8 30.Qd6+ Re7 31.axb3 gxh6 32.Qxh6+ Ke8 33.Na4 Nc8 34.Nc5 Nf8 35.Qh8 b6
36.Nd7  1-0

[Event "FIDE WCh Women World Cup"]
[Site "Khanty-Mansiysk RUS"]
[Date "2012.11.11"]
[Round "1.1"]
[White "Zhu Chen"]
[Black "Ziaziulkina,N"]
[Result "1-0"]
[WhiteElo "2491"]
[BlackElo "2367"]

1.d4 d5 2.c4 c6 3.Nf3 Nf6 4.Qb3 dxc4 5.Qxc4 Bf5 6.g3 e6 7.Bg2 Nbd7 8.O-O Be7
9.e3 O-O 10.Rd1 Qa5 11.Nbd2 Rac8 12.Qe2 Bc2 13.Re1 Bg6 14.Nc4 Qa6 15.Nfe5 Bh5
16.f3 Nxe5 17.Nxe5 Qxe2 18.Rxe2 c5 19.g4 Bg6 20.dxc5 Bxc5 21.Nxg6 hxg6 22.Bd2 Rfd8
23.Kf1 Bb6 24.g5 Nd5 25.e4 Ne7 26.Rc1 Nc6 27.Bc3 Nb4 28.Ra1 Nd3 29.Rd1 Rd7
30.h4 Rcd8 31.a3 Bc7 32.Bh1 Bg3 33.Rg2 Bf4 34.Rb1 Nc1 35.Rc2 Rd1+ 36.Kg2 Be3
37.Be5 Re1 38.Kh2 Rd2+ 39.Rxd2 Bxd2 40.Bg2 Re2 41.Kh3 Be3 42.b4 Ra2 43.Ra1 Rc2
44.Bf1 Rf2 45.Bg2 Nd3 46.Bg3 Rd2 47.Bf1 Bd4 48.Rb1 e5 49.a4 Kh7 50.Bxd3 Rxd3
51.Kg4 Rc3 52.Be1 Rc4 53.Rd1 Kg8 54.f4 Kf8 55.Kf3 Ke7 56.f5 gxf5 57.exf5 Bb2
58.h5 Rf4+ 59.Kg3 Rxf5 60.Bd2 Bd4 61.h6 gxh6 62.gxh6 Rh5 63.Kg4 Rh2 64.Kg3 Re2
65.h7 e4 66.Bg5+ Kf8 67.Bh6+  1-0

[Event "FIDE WCh Women World Cup"]
[Site "Khanty-Mansiysk RUS"]
[Date "2012.11.14"]
[Round "2.1"]
[White "Stefanova,A"]
[Black "Zhu Chen"]
[Result "1/2-1/2"]
[WhiteElo "2491"]
[BlackElo "2491"]

1.d4 d5 2.c4 c6 3.cxd5 cxd5 4.Bf4 Nf6 5.Nc3 Nc6 6.e3 Bg4 7.Qb3 Na5 8.Qa4+ Bd7
9.Qc2 Rc8 10.Nf3 e6 11.Bd3 Be7 12.Ne5 a6 13.Qe2 Bc6 14.O-O O-O 15.Rac1 Nd7
16.e4 Nxe5 17.dxe5 d4 18.Nb1 Qb6 19.Bg3 Bb5 20.Rcd1 Rc7 21.Bxb5 axb5 22.Rd3 Rfc8
23.Qd1 Rc2 24.b3 Bf8 25.Rxd4 Rxa2 26.Rd3  1/2-1/2

[Event "SportAccord Rapid Women 2012"]
[Site "Beijing CHN"]
[Date "2012.12.14"]
[Round "1.3"]
[White "Lahno,Kateri"]
[Black "Zhu Chen"]
[Result "1-0"]
[WhiteElo "2553"]
[BlackElo "2491"]

1.e4 c5 2.Nf3 d6 3.d4 cxd4 4.Nxd4 Nf6 5.Nc3 a6 6.Be2 e5 7.Nb3 Be7 8.O-O O-O
9.Re1 Be6 10.Bf3 Nbd7 11.a4 Qc7 12.a5 Rfc8 13.Be3 h6 14.Qd2 b5 15.axb6 Nxb6
16.Na5 Nc4 17.Nxc4 Bxc4 18.Rec1 Qb7 19.Na4 Rc6 20.b3 Be6 21.h3 Rb8 22.Qd3 Nd7
23.Be2 Bg5 24.Bxg5 hxg5 25.Qe3 d5 26.exd5 Bxd5 27.c4 Be6 28.Bf3 f6 29.Rd1 Qc7
30.Bxc6 Qxc6 31.Rd2 Bf5 32.Rad1 Qb7 33.Rxd7 Bxd7 34.Nc5 Qc6 35.Rxd7 Rc8 36.Rd5 Qb6
37.Ne4 Qb4 38.Rd7 Rb8 39.Qd3  1-0

[Event "SportAccord Rapid Women 2012"]
[Site "Beijing CHN"]
[Date "2012.12.14"]
[Round "2.7"]
[White "Zhu Chen"]
[Black "Danielian,E"]
[Result "1-0"]
[WhiteElo "2491"]
[BlackElo "2476"]

1.d4 Nf6 2.c4 e6 3.Nc3 c5 4.d5 exd5 5.cxd5 d6 6.Nf3 g6 7.Bf4 a6 8.a4 Bg7
9.h3 O-O 10.e3 Qe7 11.Be2 Nbd7 12.O-O Ne8 13.Re1 Rb8 14.Bf1 Nc7 15.Qd2 Re8
16.e4 Ne5 17.Nxe5 Bxe5 18.Bxe5 Qxe5 19.Rad1 g5 20.g3 Qg7 21.Kh2 f6 22.Rc1 Bd7
23.b4 b6 24.a5 cxb4 25.Na2 Nb5 26.Nxb4 bxa5 27.Nxa6 Rbc8 28.Rxc8 Rxc8 29.Qxa5 Nd4
30.Re3 g4 31.h4 Nf3+ 32.Kg2 Qe7 33.Nb4 Qe5 34.Qa7 Be8 35.Nc6 Bxc6 36.dxc6 Qe6
37.c7 Qe7 38.Qa5 Rxc7 39.Qh5 Ne5 40.Be2 Qe6 41.Ra3 Kg7 42.Ra8 Re7 43.Rd8 Nc6
44.Bxg4 Qxe4+ 45.Bf3 Nxd8 46.Bxe4 Rxe4 47.Qa5 Nf7 48.Qa2 Re5 49.g4 Kf8 50.f4 Rc5
51.Qe6 Kg7 52.g5 fxg5 53.hxg5 Nxg5 54.fxg5 Rxg5+ 55.Kf3 Rg6 56.Qe7+ Kg8 57.Kf4 Rh6
58.Ke4 Rg6 59.Kf4 h5 60.Ke4  1-0

[Event "SportAccord Rapid Women 2012"]
[Site "Beijing CHN"]
[Date "2012.12.14"]
[Round "3.5"]
[White "Muzychuk,A"]
[Black "Zhu Chen"]
[Result "1-0"]
[WhiteElo "2586"]
[BlackElo "2491"]

1.e4 d6 2.f4 e5 3.Nf3 exf4 4.d4 g5 5.Bc4 Bg7 6.O-O Nh6 7.h4 f6 8.Nxg5 fxg5
9.Qh5+ Kd7 10.c3 Qe8 11.Qxg5 Qg6 12.Rxf4 c6 13.Be3 Rf8 14.Rxf8 Bxf8 15.Qf4 Ng4
16.Bf7 Qg7 17.Be6+ Kc7 18.Bxc8 Kxc8 19.Nd2 Nxe3 20.Qxe3 Nd7 21.Nf3 Kc7 22.Ng5 Qg6
23.Qh3 Re8 24.Rf1 Bh6 25.Rf7 Qxf7 26.Nxf7 Bf4 27.Qf5 Be3+ 28.Kh2 Re7 29.g4 Bc1
30.e5 dxe5 31.dxe5 Bxb2 32.e6 Nf8 33.Qa5+  1-0

[Event "SportAccord Rapid Women 2012"]
[Site "Beijing CHN"]
[Date "2012.12.14"]
[Round "4.7"]
[White "Zhu Chen"]
[Black "Zatonskih,A"]
[Result "1/2-1/2"]
[WhiteElo "2491"]
[BlackElo "2489"]

1.d4 d5 2.c4 e6 3.Nc3 Be7 4.cxd5 exd5 5.Bf4 Nf6 6.e3 Bf5 7.Qb3 Nc6 8.g4 Nxg4
9.Qxd5 Qxd5 10.Nxd5 Bb4+ 11.Nxb4 Nxb4 12.Rc1 c6 13.h3 Nf6 14.a3 Nbd5 15.Be5 O-O
16.Ne2 Nd7 17.Bh2 Rfe8 18.Rg1 Bg6 19.Nf4 Nxf4 20.Bxf4 Nb6 21.Be2 Rad8 22.Kd2 Nd5
23.Bh2 Rd7 24.b4 a6 25.h4 Nf6 26.Ke1 Rde7 27.Be5 Nd7 28.Bf4 Nf6 29.Kf1 Nd5
30.Bh2 Nxe3+ 31.fxe3 Rxe3 32.Bg4 h5 33.Bd1 Rxa3 34.Be5 Kh7 35.Bc2 Bxc2 36.Rxc2 f6
37.Bg3 Re4 38.Rd2 Rg4 39.Kf2 g5 40.hxg5 fxg5 41.Bd6 Rxg1 42.Kxg1 Kg6 43.d5 h4
44.b5 Ra1+ 45.Kf2 axb5 46.Be5 Ra8 47.d6 Kf5 48.d7 Kxe5 49.d8=Q Rxd8 50.Rxd8 b4
51.Rg8 Kf4 52.Rf8+ Ke4 53.Rg8 Kf4 54.Rf8+ Ke4 55.Rg8  1/2-1/2

[Event "SportAccord Rapid Women 2012"]
[Site "Beijing CHN"]
[Date "2012.12.15"]
[Round "5.6"]
[White "Cmilyte,V"]
[Black "Zhu Chen"]
[Result "1-0"]
[WhiteElo "2524"]
[BlackElo "2491"]

1.c4 e5 2.g3 Nf6 3.Bg2 c6 4.d4 Bb4+ 5.Bd2 Bxd2+ 6.Qxd2 e4 7.d5 d6 8.Nc3 Bf5
9.Qf4 Bg6 10.Nxe4 Bxe4 11.Bxe4 Qa5+ 12.Kf1 O-O 13.Nf3 Re8 14.Bd3 cxd5 15.Qxd6 Nc6
16.Qa3 dxc4 17.Bxc4 Qxa3 18.bxa3 Na5 19.Bb5 Rec8 20.Kg2 a6 21.Bd3 Rc3 22.Rhc1 Rac8
23.Rxc3 Rxc3 24.a4 g6 25.Ne5 Kf8 26.Rb1 Ra3 27.Rb6 Ne8 28.Nc4 Rxa4 29.Nxa5 Rxa5
30.Rxb7 Nd6 31.Rd7 Nb5 32.Bc4 Ke8 33.Rxf7 Nd6 34.Rf4 Nxc4 35.Rxc4 Rxa2 36.Rc7 Rxe2
37.Rxh7 Kf8 38.Ra7 Ra2 39.h4 a5 40.g4 a4 41.Kg3 a3 42.f3 g5  1-0

[Event "SportAccord Rapid Women 2012"]
[Site "Beijing CHN"]
[Date "2012.12.15"]
[Round "6.8"]
[White "Khotenashvili,B"]
[Black "Zhu Chen"]
[Result "1/2-1/2"]
[WhiteElo "2504"]
[BlackElo "2491"]

1.Nf3 d5 2.c4 c6 3.g3 Nf6 4.Bg2 Bf5 5.cxd5 cxd5 6.Qb3 Qb6 7.Qxb6 axb6 8.Nc3 e6
9.d3 Bc5 10.Nb5 Na6 11.O-O O-O 12.Bd2 Rfc8 13.h3 h6 14.a3 Nc7 15.Nfd4 Nxb5
16.Nxb5 e5 17.b4 Bf8 18.f4 e4 19.Nd4 Bd7 20.g4 g6 21.g5 hxg5 22.fxg5 Nh5
23.dxe4 Ng3 24.Rf6 Nxe4 25.Bxe4 dxe4 26.Rxb6 Bg7 27.Be3 Rc3 28.Kf2 Bxh3 29.Rxb7 Rd8
30.Nb5 Rxe3 31.Kxe3 Bxa1 32.a4 Bd7 33.a5 Bc6 34.Rb6 Bxb5 35.Rxb5 Bd4+ 36.Kxe4 Bc3
37.a6 Ra8 38.Rb6 Bxb4 39.Rxb4 Rxa6 40.Kf4 Kg7 41.e4 Ra1 42.Rb7 Rf1+ 43.Ke5 Rf2
44.Kd6 Ra2 45.Ke5 Ra5+ 46.Kf4 Kf8 47.Rb8+ Ke7 48.Rb7+ Ke6 49.Rb6+ Ke7 50.Rb7+ Ke6
51.Rb6+  1/2-1/2

[Event "SportAccord Rapid Women 2012"]
[Site "Beijing CHN"]
[Date "2012.12.15"]
[Round "7.8"]
[White "Zhu Chen"]
[Black "Harika,D"]
[Result "1/2-1/2"]
[WhiteElo "2491"]
[BlackElo "2512"]

1.d4 Nf6 2.c4 g6 3.f3 Bg7 4.e4 O-O 5.Nc3 Nc6 6.d5 Nb4 7.a3 Na6 8.Be3 d6 9.Bd3 c6
10.Nge2 e6 11.dxc6 bxc6 12.O-O d5 13.Kh1 Bb7 14.Rb1 Nd7 15.cxd5 cxd5 16.exd5 exd5
17.Nxd5 Bxd5 18.Bxa6 Ne5 19.Bc5 Re8 20.Bb5 Bc6 21.Bxc6 Nxc6 22.Ng3 Ne5 23.Qxd8 Rexd8
24.b3 Nd3 25.Bg1 f5 26.b4 Rd5 27.Ne2 a6 28.Nc1 Rb8 29.Nxd3 Rxd3 30.a4 Bd4
31.Rfc1 Bxg1 32.Kxg1 Kg7 33.b5 axb5 34.axb5 Rb6 35.Rc2 Rd5 36.Rcb2 f4 37.g3 g5
38.Kg2 Kg6 39.Kh3 Kf5 40.Kg2 Re5 41.h4 gxh4 42.gxh4 Rd5 43.Kh3 h6 44.Rg1 Rbxb5
45.Rxb5 Rxb5 46.Rg8 Rb3 47.Rf8+ Ke5 48.Re8+ Kf5 49.Rf8+ Ke5 50.Re8+ Kf5 51.Rf8+ Ke5
52.Re8+ Kf5  1/2-1/2

[Event "SportAccord Blitz Women 2012"]
[Site "Beijing CHN"]
[Date "2012.12.16"]
[Round "1.6"]
[White "Stefanova,A"]
[Black "Zhu Chen"]
[Result "0-1"]
[WhiteElo "2491"]
[BlackElo "2491"]

1.d4 d5 2.Bf4 Nf6 3.e3 Nbd7 4.c4 e6 5.Nc3 c6 6.Nf3 Be7 7.h3 O-O 8.Qc2 a6
9.Rc1 Re8 10.a3 h6 11.Be2 dxc4 12.Bxc4 b5 13.Be2 c5 14.dxc5 Nxc5 15.b4 Nb7
16.O-O Qb6 17.Rfd1 Nd6 18.Be5 Bb7 19.Bd4 Qc7 20.Qb3 Qb8 21.Be5 Rd8 22.Bd4 Nde4
23.Nxe4 Bxe4 24.Qb2 Qb7 25.Ne1 Rac8 26.Bf3 Ne8 27.Bxe4 Qxe4 28.Rxc8 Rxc8
29.Nd3 Rc4 30.Ne5 Rc2 31.Qb1 Qf5 32.Nd3 Rc4 33.Ne5 Qxb1 34.Rxb1 Rc2 35.Nd7 Rc8
36.Nc5 Rc6 37.a4 bxa4 38.Ra1 a5 39.Rxa4 axb4 40.Nd3 Nc7 41.Nxb4 Rc4 42.Ra7 Bxb4
43.Be5 Nd5 44.Ra8+ Kh7 45.Ra7 Kg6 46.g3 Rc2 47.h4 Be1 48.h5+ Kf5 49.Bxg7 Bxf2+
50.Kg2 Bxe3+ 51.Kh3 Bxa7  0-1

[Event "SportAccord Blitz Women 2012"]
[Site "Beijing CHN"]
[Date "2012.12.16"]
[Round "2.3"]
[White "Zhu Chen"]
[Black "Kosteniuk,A"]
[Result "0-1"]
[WhiteElo "2491"]
[BlackElo "2501"]

1.d4 Nf6 2.c4 e6 3.Nc3 Bb4 4.Qc2 d5 5.cxd5 exd5 6.Bg5 c5 7.dxc5 h6 8.Bxf6 Qxf6
9.e3 Nc6 10.a3 Bxc3+ 11.Qxc3 Qxc3+ 12.bxc3 Be6 13.Rb1 Nd8 14.Bb5+ Ke7 15.Ne2 Rc8
16.Nd4 Rxc5 17.Kd2 b6 18.Rb4 Nb7 19.Rc1 Na5 20.h4 Rhc8 21.Ba6 R8c7 22.Bd3 Bd7
23.f3 Nc6 24.Rbb1 Ra5 25.Nb5 Rc8 26.Rb3 Ne5 27.Ra1 Nxd3 28.Nxa7 Rxa7 29.Kxd3 b5
30.Kd4 Rc4+ 31.Kd3 Rxh4 32.f4 Kd6 33.Rb4 Rh2 34.Ra2 Rh1 35.e4 dxe4+ 36.Kxe4 Bc6+
37.Kf5 Rh5+ 38.Kg4 Rc5 39.Rd2+ Kc7 40.Re2 Rxc3 41.Re7+ Kb6 42.Re5 Raxa3 43.g3 Rxg3+
44.Kf5 Rg6 45.Re7 Rf6+ 46.Kg4 Ra4  0-1

[Event "SportAccord Blitz Women 2012"]
[Site "Beijing CHN"]
[Date "2012.12.16"]
[Round "3.7"]
[White "Khotenashvili,B"]
[Black "Zhu Chen"]
[Result "0-1"]
[WhiteElo "2504"]
[BlackElo "2491"]

1.Nf3 c5 2.g3 Nf6 3.Bg2 g6 4.O-O Bg7 5.c4 Nc6 6.Nc3 d6 7.d3 O-O 8.Rb1 e5
9.a3 a5 10.Ne1 Be6 11.Nc2 Qd7 12.Re1 d5 13.cxd5 Nxd5 14.Ne3 Nce7 15.Ne4 Rac8
16.Nc4 b6 17.Ng5 Rb8 18.Nxe6 Qxe6 19.Ne3 Nxe3 20.Bxe3 Nf5 21.Bd2 Rfd8 22.Qc1 Nd4
23.Be3 Rbc8 24.Qc4 Rd6 25.Qxe6 Nxe6 26.Rec1 Nd4 27.Kf1 a4 28.Bxd4 exd4 29.b4 axb3
30.Rxb3 Bf6 31.Rcb1 Bd8 32.a4 Kg7 33.Ke1 c4 34.dxc4 Rxc4 35.Rb4 Rc3 36.Be4 Re6
37.Bd5 Re5 38.Bc4 d3 39.e3 Ra3 40.Rd1 b5 41.Rxb5 Ba5+ 42.Kf1 Rxb5 43.Bxb5 d2
44.Ke2 f5 45.f3 Kf6 46.Rb1 Ke5 47.Be8 Kd6 48.Bb5 Kc5 49.Be8 Kd6 50.h4 Ra2
51.Bb5 Rc2 52.Bd3 Rc1 53.Bc2 Re1+ 54.Kd3 Rxb1  0-1

[Event "SportAccord Blitz Women 2012"]
[Site "Beijing CHN"]
[Date "2012.12.16"]
[Round "4.2"]
[White "Zhu Chen"]
[Black "Zatonskih,A"]
[Result "0-1"]
[WhiteElo "2491"]
[BlackElo "2489"]

1.d4 d5 2.c4 e6 3.Nc3 Be7 4.cxd5 exd5 5.Bf4 Nf6 6.e3 Bf5 7.Qb3 Nc6 8.g4 Nxg4
9.Qxd5 Qc8 10.a3 O-O 11.Be2 Nf6 12.Qg2 Re8 13.Nf3 Bh3 14.Qg1 Bf5 15.Nd2 Bg6
16.h3 a6 17.Qg2 Nh5 18.Bh2 Bf6 19.Nd5 Bd8 20.Rg1 Nf6 21.Nf4 Qd7 22.Nxg6 hxg6
23.Qf3 Be7 24.O-O-O Rac8 25.Kb1 Bd6 26.Bxd6 cxd6 27.Bc4 d5 28.Ba2 b5 29.Nb3 b4
30.Nc5 Qd6 31.a4 Na5 32.Rc1 Rc7 33.Rg5 Rd8 34.Qg3 Qe7 35.Bb3 Rxc5 36.Rxc5 Nxb3
37.Rc6 Ne4 38.Re5 Qd7 39.Qh4 Nf6 40.Rxa6 Qc8 41.Rb6 Qc1+ 42.Ka2 Nd2 43.Rxb4 Qb1+
44.Ka3 Qa1+  0-1

[Event "SportAccord Blitz Women 2012"]
[Site "Beijing CHN"]
[Date "2012.12.16"]
[Round "5.8"]
[White "Hou Yifan"]
[Black "Zhu Chen"]
[Result "0-1"]
[WhiteElo "2606"]
[BlackElo "2491"]

1.g3 d5 2.Bg2 c6 3.d3 Bg4 4.Nd2 Nd7 5.h3 Bh5 6.f4 f6 7.Ngf3 e5 8.e3 Bc5 9.Qe2 Ne7
10.g4 Bg6 11.f5 Bf7 12.b3 Qa5 13.Bb2 Ba3 14.Bxa3 Qxa3 15.O-O h5 16.Qf2 hxg4
17.hxg4 O-O-O 18.c3 Kb8 19.Rfd1 g6 20.fxg6 Nxg6 21.Nf1 Be6 22.N1h2 Rh7 23.Qg3 Ka8
24.Kf2 Rdh8 25.Nf1 Qb2+ 26.N1d2 Qxc3 27.Ne1 Nc5 28.Rac1 Nxd3+ 29.Nxd3 Qxd3
30.Bf1 Rh2+ 31.Ke1 Rh1 32.Kf2 R8h2+  0-1

[Event "SportAccord Blitz Women 2012"]
[Site "Beijing CHN"]
[Date "2012.12.16"]
[Round "6.1"]
[White "Zhao Xue"]
[Black "Zhu Chen"]
[Result "0-1"]
[WhiteElo "2565"]
[BlackElo "2491"]

1.c4 c5 2.Nf3 Nc6 3.Nc3 e6 4.d4 cxd4 5.Nxd4 Bc5 6.Nb3 Be7 7.e4 a6 8.Be2 d6
9.O-O Nf6 10.Be3 O-O 11.Rc1 b6 12.f4 Bb7 13.Bf3 Rc8 14.Qe2 Nb8 15.Rfd1 Qc7
16.Nd2 Nbd7 17.b4 Qb8 18.a3 Bd8 19.Bf2 Bc7 20.g3 Kh8 21.Nb3 Rfd8 22.Re1 Qa8
23.g4 Nf8 24.g5 N6d7 25.Bg2 f6 26.Qg4 Re8 27.Bh4 f5 28.Qh3 Ng6 29.Bg3 fxe4
30.Nxe4 d5 31.cxd5 Bxd5 32.Nbd2 Bxf4 33.Nd6 Rxc1 34.Rxc1 Bxd2 35.Bxd5 Qxd5
36.Nxe8 Bxc1 37.Bf2  0-1

[Event "SportAccord Blitz Women 2012"]
[Site "Beijing CHN"]
[Date "2012.12.16"]
[Round "7.8"]
[White "Zhu Chen"]
[Black "Danielian,E"]
[Result "0-1"]
[WhiteElo "2491"]
[BlackElo "2476"]

1.d4 Nf6 2.c4 e6 3.Nc3 c5 4.d5 exd5 5.cxd5 d6 6.Nf3 g6 7.Bf4 Na6 8.h3 Nc7
9.e3 a6 10.a4 Bg7 11.Be2 O-O 12.O-O Rb8 13.a5 b5 14.axb6 Rxb6 15.Ra2 Rb4
16.Ne1 Re8 17.Nc2 Rb8 18.Na3 Ne4 19.Nxe4 Rxe4 20.Nc4 Nb5 21.Bd3 Re8 22.Bg3 h5
23.Na5 Qf6 24.h4 Bg4 25.Qa4 Bf5 26.Bxf5 Qxf5 27.Nc6 Ra8 28.Qf4 Qxd5 29.Nb4 cxb4
30.Ra4 a5 31.f3 Bxb2 32.e4 Qc5+ 33.Kh1 Be5 34.Qg5 Bxg3 35.Qxg3 Nc3 36.Raa1 Qe5
37.Qf2 b3 38.Ra3 a4 39.Qb2 Nb5 40.Qxe5 dxe5 41.Raa1 b2 42.Ra2 a3  0-1

[Event "SportAccord Blitz Women 2012"]
[Site "Beijing CHN"]
[Date "2012.12.16"]
[Round "8.2"]
[White "Cmilyte,V"]
[Black "Zhu Chen"]
[Result "0-1"]
[WhiteElo "2524"]
[BlackElo "2491"]

1.c4 e5 2.g3 Nf6 3.Bg2 c6 4.d4 Bb4+ 5.Bd2 Bxd2+ 6.Qxd2 e4 7.d5 O-O 8.Nc3 Re8
9.e3 d6 10.Nge2 c5 11.O-O-O a6 12.Qc2 Bf5 13.h3 b5 14.g4 Bg6 15.Ng3 bxc4
16.Ngxe4 Nxe4 17.Bxe4 Nd7 18.Bxg6 fxg6 19.Kb1 Rb8 20.Ka1 Ne5 21.Rd2 Qa5 22.Qa4 Qc7
23.Rb1 Rf8 24.f4 Rb4 25.Qd1 Nd3 26.a3 Qa5 27.Rxd3 cxd3 28.Qxd3 Rb3 29.Qc4 Rfb8
30.Ka2 R3b4 31.Qd3 c4 32.Qe4 Rb3 33.Qc2 Qb6 34.e4 Qd4 35.Rd1 Qb6 36.Rb1 Qe3
37.f5 g5 38.Qd1 Qc5 39.Qc2 Qa5 40.Qc1 Qc5 41.Qd2 h6 42.e5 dxe5 43.d6 Rd8
44.Ne4 Qc6 45.Qc2 Rd3 46.Re1 Qd5 47.Ka1 Rd4 48.Nc3 Qxd6 49.Ne2 Rd1+ 50.Rxd1 Qxd1+
51.Qxd1 Rxd1+ 52.Ka2 Rd3 53.Nc3 Rxh3 54.Ne4 Re3 55.Nd6 Rg3 56.Nxc4 e4 57.b4 e3
58.Nxe3 Rxe3 59.a4 Re4  0-1

[Event "SportAccord Blitz Women 2012"]
[Site "Beijing CHN"]
[Date "2012.12.17"]
[Round "9.7"]
[White "Zhu Chen"]
[Black "Muzychuk,A"]
[Result "0-1"]
[WhiteElo "2491"]
[BlackElo "2586"]

1.d4 f5 2.g3 Nf6 3.Bg2 g6 4.Nf3 Bg7 5.O-O O-O 6.c4 d6 7.Nc3 Nc6 8.d5 Na5
9.Nd2 c5 10.Rb1 e5 11.dxe6 Bxe6 12.b3 d5 13.cxd5 Nxd5 14.Nxd5 Bxd5 15.Bxd5+ Qxd5
16.Nc4 Qe4 17.Bf4 Rad8 18.Qc1 Nxc4 19.Qxc4+ Qxc4 20.bxc4 b6 21.Rfd1 Kf7 22.Kf1 Ke6
23.Rd3 Rxd3 24.exd3 Rd8 25.Ke2 Bd4 26.f3 Rd7 27.Kd2 Kf6 28.Re1 Kf7 29.Kc2 Bf6
30.h4 Bd4 31.Re2 Rb7 32.a4 a6 33.Re1 b5 34.axb5 axb5 35.cxb5 Rxb5 36.Rb1 Rxb1
37.Kxb1 Ke6 38.Kc2 Kd5 39.Kd2 Bg1 40.Kc3 Bf2 41.Bb8 Be3 42.Bc7 Bf2 43.Bb8 Be1+
44.Kc2 Kd4 45.Bf4 Ba5 46.Bh6 Bc7 47.Bg7+ Ke3 48.Bf8 Kxf3 49.Bxc5 Bxg3 50.d4 Ke4
51.Kc3 Kd5 52.h5 g5 53.Kd3 Bf2 54.Be7 g4 55.Bf6 Bg1 56.Be5 Bf2 57.Bf6 f4
58.Be5 f3 59.Bf6 g3 60.Bh4 Be1 61.Ke3 g2 62.Bxe1 g1=Q+ 63.Bf2 Qg4 64.Kd2 Qxh5
65.Ke3 Qg4 66.Kd3 Qe4+  0-1

[Event "SportAccord Blitz Women 2012"]
[Site "Beijing CHN"]
[Date "2012.12.17"]
[Round "10.3"]
[White "Socko,M"]
[Black "Zhu Chen"]
[Result "0-1"]
[WhiteElo "2445"]
[BlackElo "2491"]

1.d4 d5 2.c4 c6 3.cxd5 cxd5 4.Nc3 Nf6 5.Bf4 Nc6 6.e3 a6 7.Bd3 Bg4 8.Nge2 e6
9.O-O Bd6 10.f3 Bh5 11.Rc1 Bg6 12.Na4 Bxd3 13.Qxd3 Bxf4 14.Nxf4 O-O 15.Nc5 Qe7
16.Qb3 Na5 17.Qc3 Nc4 18.b3 Nd6 19.Nfd3 Rfc8 20.Qb4 a5 21.Qd2 h6 22.Ne5 b6
23.Na4 Qb7 24.Qd3 Rc7 25.Rxc7 Qxc7 26.Rd1 Rb8 27.g3 Nf5 28.Kf2 Rc8 29.Rd2 Qc1
30.Nxb6 Rc3 31.Qe2 Qh1 32.Qf1 Qxh2+ 33.Qg2 Qxg2+ 34.Kxg2 Nxe3+ 35.Kf2 Nf5
36.Nbd7 Nxd7 37.Nxd7 f6 38.Nc5 Kf7 39.a3 Nxd4 40.Na4 Nxb3 41.Rb2 Nc5 42.Nxc3 Nd3+
43.Ke3 Nxb2 44.Kd4 Nc4 45.a4 h5 46.Kc5 g5 47.Kb5 h4 48.gxh4 gxh4 49.Ne2 h3
50.Ng3 h2 51.Kc5 f5 52.f4 Kf6 53.Kd4 Nb6 54.Kc5 Nxa4+ 55.Kb5 Nb2 56.Kxa5 Nd3
57.Kb5 Nxf4 58.Kc5 e5 59.Kb4 Kg5 60.Kc3 Kg4 61.Nh1 Kf3 62.Kd2 Kg2  0-1

[Event "SportAccord Blitz Women 2012"]
[Site "Beijing CHN"]
[Date "2012.12.17"]
[Round "11.6"]
[White "Zhu Chen"]
[Black "Koneru,H"]
[Result "1-0"]
[WhiteElo "2491"]
[BlackElo "2610"]

1.c4 e6 2.d4 d5 3.Nc3 Bb4 4.e3 Nf6 5.a3 Bxc3+ 6.bxc3 O-O 7.cxd5 exd5 8.Bd3 b6
9.Ne2 Ba6 10.Bxa6 Nxa6 11.O-O c5 12.a4 Rc8 13.Ba3 Re8 14.Nf4 c4 15.h3 Nc7
16.Qc2 Ne6 17.Nxe6 Rxe6 18.Rfb1 Qd7 19.Rb5 Ne4 20.f3 Nf6 21.Bc1 Ne8 22.Qf2 Nc7
23.Rbb1 Rce8 24.Bd2 Rg6 25.Kh1 Ne6 26.e4 dxe4 27.fxe4 Nc7 28.Re1 Rge6 29.Qf3 h6
30.Re2 Nd5 31.Ree1 Nf6 32.e5 Nd5 33.Rf1 f6 34.exf6 Rxf6 35.Qh5 Ref8 36.Rxf6 Nxf6
37.Qe5 Re8 38.Qf4 Nd5 39.Qf3 Rf8 40.Qe2 Qc6 41.a5 b5 42.Re1 a6 43.Qh5 Kh7
44.Re5 Rf1+ 45.Kh2 Nf6 46.Qh4 Qd6 47.Qg3 Qd7 48.Rc5 Rf5 49.Rc7 Qxc7 50.Qxc7  1-0

[Event "SportAccord Blitz Women 2012"]
[Site "Beijing CHN"]
[Date "2012.12.17"]
[Round "13.5"]
[White "Zhu Chen"]
[Black "Harika,D"]
[Result "0-1"]
[WhiteElo "2491"]
[BlackElo "2512"]

1.d4 d5 2.c4 e6 3.Nc3 Bb4 4.e3 Nf6 5.a3 Bxc3+ 6.bxc3 O-O 7.cxd5 exd5 8.Bd3 c5
9.Ne2 b6 10.O-O Ba6 11.a4 Re8 12.f3 Qc8 13.Bxa6 Qxa6 14.Nf4 Qc4 15.Qd3 Qxd3
16.Nxd3 c4 17.Nf4 Nc6 18.Rb1 Na5 19.Re1 Nb3 20.Ba3 a6 21.Bd6 g5 22.Be5 gxf4
23.Bxf6 Rxe3 24.Rxe3 fxe3 25.Re1 Re8 26.Be5 Re6 27.Bf4 e2 28.Kf2 b5 29.axb5 axb5
30.Rxe2 Rxe2+ 31.Kxe2 f6 32.Bd6 Kf7 33.Ke3 Ke6 34.Bb4 h5 35.h4 Kf5 36.g3 Nc1
37.Bd6 Nb3 38.Be7 Na5 39.Bc5 Nb3 40.Be7 Na5 41.Bf8 Nb3 42.Bb4 Nc1 43.Ba3 Nb3
44.Bb4 Nc1 45.Be7 Nb3 46.g4+ hxg4 47.fxg4+ Kxg4 48.Bxf6 Nc1 49.Be7 Nd3 50.Bd8 b4
51.cxb4 Nxb4 52.Kd2 Nc6 53.Bf6 Kf5 54.Bh8 Kg4 55.Bf6 Kf5 56.Bh8 Ne7 57.Kc3 Ng6
58.Bg7 Nxh4 59.Bh8 Ke4 60.Bg7 Nf5 61.Bh8 Ng3 62.Kd2 Nf5 63.Kc3 Nd6 64.Kb4 Nf7
65.Bg7 Nd8 66.Kc3 Ne6 67.Bf6 Nf4 68.Kd2 Nd3 69.Bg7 Nf2 70.Bh8 Ng4 71.Bg7 Ne3
72.Bh8 Nf5 73.Kc3 Nd6 74.Kb4 Nf5 75.Kc3 Ng3 76.Kd2 Nh5 77.Be5 Nf4 78.Bh8 Ne6
79.Kc3 Nc7 80.Kb4 Ne6 81.Kc3 Ng5 82.Kd2 Nf3+ 83.Kc3 Ke3 84.Bg7 Ng1 85.Kb4 Ne2
86.Kc5 Ke4 87.Bf6 c3 88.Kb4 c2 89.Bg5 Nf4  0-1

[Event "SportAccord Blitz Women 2012"]
[Site "Beijing CHN"]
[Date "2012.12.17"]
[Round "14.5"]
[White "Cramling,P"]
[Black "Zhu Chen"]
[Result "1/2-1/2"]
[WhiteElo "2516"]
[BlackElo "2491"]

1.d4 d5 2.Bf4 c6 3.c3 Bf5 4.Nd2 Nd7 5.e3 e6 6.Ngf3 h6 7.h3 g5 8.Bg3 Bg7 9.Be2 Ne7
10.O-O O-O 11.Re1 Bh7 12.Qb3 Qb6 13.Bf1 f5 14.Bd6 Rfe8 15.c4 Qxb3 16.Nxb3 Nc8
17.Bh2 Re7 18.Na5 Nf6 19.Rac1 Ne4 20.Be5 Bf8 21.c5 Bg6 22.b4 a6 23.a4 Be8
24.g4 Rf7 25.Bg2 b6 26.Nb3 b5 27.a5 Ne7 28.Rc2 Ng6 29.Bh2 Bg7 30.Ne5 Rb7
31.f3 Nf6 32.Nxg6 Bxg6 33.Rd2 Rf7 34.Be5 Nd7 35.Bxg7 Kxg7 36.Rf2 Re8 37.f4 fxg4
38.hxg4 Nf6 39.Bh3 Ne4 40.Rc2 gxf4 41.exf4 Rxf4 42.Rce2 Ng5 43.Bg2 Rxg4 44.Kh2 Rf8
45.Nd2 Rxd4 46.Nb3 Rxb4 47.Nc1 Rh4+ 48.Kg1 Rg4 49.Kh2 h5 50.Nb3 Rb4 51.Nd2 Rh4+
52.Kg1 Rg4 53.Kh2 Ra4 54.Nf1 h4 55.Ne3 Raf4 56.Nf1 Rf2 57.Rxf2 Rxf2 58.Kg1 Ra2
59.Ne3 Rxa5 60.Ng4 Bf5 61.Ne5 b4 62.Nxc6 Rxc5 63.Nxb4 a5 64.Na6 Rb5 65.Nc7 h3
66.Nxb5 hxg2 67.Kxg2 Be4+ 68.Kg3 Kf6 69.Ra1 Bd3 70.Nc7 Ne4+ 71.Kf4 Bc4 72.Rxa5 e5+
73.Ke3 Nc3 74.Kd2 d4 75.Rc5 Bf7 76.Ra5 Kf5 77.Nb5 Nxb5 78.Rxb5 Ke4 79.Rb7 Bd5
80.Re7 Bc4 81.Re8 Bb5 82.Rf8 Kd5 83.Rd8+ Ke6 84.Kc2 Kf5 85.Kd2 Kf4 86.Rd6 Bc4
87.Rd8 Ke4 88.Rd6 Bf7 89.Rd7 Be6 90.Rd6 Bg4 91.Rd8 Bf3 92.Rd7 Bg2 93.Rg7 Bh3
94.Rh7 Bf5 95.Rh8 Kd5 96.Rd8+ Kc5 97.Re8 Kd6 98.Rd8+ Ke7 99.Rh8 e4 100.Ra8 e3+
101.Ke2 Kd6 102.Ra5 Ke6 103.Rc5 Be4 104.Ra5 Kd6 105.Rg5 Ke6 106.Ra5 Bf5 107.Rb5 Bc2
108.Ra5 Kd6 109.Rg5 Kc6 110.Re5 Bb1 111.Rxe3 dxe3 112.Kxe3  1/2-1/2